Heliconia : (Registro nro. 1383)

Detalles MARC
000 -CABECERA
Campo de control 00966pam a2200265 i 4500
005 - FECHA Y HORA DE LA ULTIMA TRANSACCION
Campo de control 20160214083810.0
008 - ELEMENTOS DE LONGITUD FIJA—INFORMACION GENERAL
Campo de control 900503s1991 dcua b 001 0 eng
020 ## - ISBN
ISBN 1560980060 (cloth : alk. paper)
020 ## - ISBN
ISBN 1560980079 (paper : alk. paper)
040 ## - FUENTE DE CATALOGACIÓN
Agencia catalogadora original DLC
Agencia transcriptora DLC
Agencia Modificadora DLC
-- CO-BoIAVH
041 0# - IDIOMA
Código de idioma para texto/pista de sonido o título separado Inglés
082 04 - NUMERO DE CLASIFICACION DECIMAL DEWEY
Número de clasificación 584.39
Número del ítem B53h
100 1# - ASIENTO PRINCIPAL--NOMBRE PERSONAL
Nombre personal Berry, Fred,
Fechas asociadas con el nombre 1927-
9 (RLIN) 59648
245 10 - MENCION DE TITULO
Título Heliconia :
Parte restante del título an identification guide /
Mención de responsabilidad Fred Berry and W. John Kress.
260 ## - PUBLICACION, DISTRIBUCION, ETC. (PIE DE IMPRENTA)
Lugar de publicación, distribución, etc. Washington :
Nombre del editor, distribuidor, etc. Smithsonian Institution Press,
Fecha de publicación, distribución, etc. c1991.
300 ## - DESCRIPCION FISICA
Extensión viii, 334 páginas :
Otros detalles físicos ilustraciones ;
Dimensiones 20 cm.
504 ## - NOTA DE BIBLIOGRAFIA, ETC.
Nota de bibliografía Incluye referencias bibliográficas e índice.
650 14 - ASIENTO SECUNDARIO DE MATERIA - TERMINO TEMATICO
Término temático o nombre geográfico como elemento de entrada Heliconias
9 (RLIN) 59649
650 24 - ASIENTO SECUNDARIO DE MATERIA - TERMINO TEMATICO
Término temático o nombre geográfico como elemento de entrada Heliconias
Subdivisión general Identificación
9 (RLIN) 59650
650 24 - ASIENTO SECUNDARIO DE MATERIA - TERMINO TEMATICO
Término temático o nombre geográfico como elemento de entrada Heliconias
Subdivisión general Distribución geografíca
9 (RLIN) 59651
650 24 - ASIENTO SECUNDARIO DE MATERIA - TERMINO TEMATICO
Término temático o nombre geográfico como elemento de entrada Heliconias
Subdivisión general Clasificación
9 (RLIN) 59652
650 24 - ASIENTO SECUNDARIO DE MATERIA - TERMINO TEMATICO
Término temático o nombre geográfico como elemento de entrada Heliconias
Subdivisión general Obras ilustradas
9 (RLIN) 59653
700 1# - ASIENTO SECUNDARIO - NOMBRE PERSONAL
Nombre personal Kress, W. John,
Término de relación autor.
9 (RLIN) 12027
942 ## - ELEMENTOS ADICIONALES (KOHA)
Sistema de clasificación Dewey Decimal Classification
Tipo de ítem Libro
Existencias
Withdrawn status Lost status Sistema de Clasificación Damaged status No para préstamo Colección Inventariado Ubicación Permanente Ubicación actual Fecha de adquisición Fuente de Valor Valor Total Checkouts Número topográfico Inventario / Código de Barras Date last seen Ejemplar Price effective from Forma de adquisición Tipo de material
    Dewey Decimal Classification     General Inventariado 2017 Bogotá Bogotá 11/07/1999 Instituto 39000.00   LB-584.39 B53h 001921 04/12/2012 Ej. 1 04/12/2012   Libro